Normal view
MARC view
- تقديم وتعليق: بن سنان، علي بن محمد
Entry Personal Name
001 - CONTROL NUMBER
- control field: 16712
003 - CONTROL NUMBER IDENTIFIER
- control field: JO-AjAnu
005 - DATE AND TIME OF LATEST TRANSACTION
- control field: 20230606072950.0
008 - FIXED-LENGTH DATA ELEMENTS
- fixed length control field: 230606|| aca||aabn | a|a d
040 ## - CATALOGING SOURCE
- Original cataloging agency: JO-AjAnu
- Transcribing agency: JO-AjAnu
100 ## - HEADING--PERSONAL NAME
- Personal name: تقديم وتعليق: بن سنان، علي بن محمد
670 ## - SOURCE DATA FOUND
- Source citation: Work cat.: (JO-AjAnu)8582: تقديم وتعليق: بن سنان، علي بن محمد , author, حجة خير العباد المجرد من زاد المعاد